000 00489nam a2200181Ia 4500
001 8750
005 20260306160632.0
008 260306t2012||||xx |||||||||||||| ||spa||
041 _aESP
082 _a371.3028
_bM84
100 _aMonereo, Carles
_eAUT
245 0 _aEstrategias de enseñanza y aprendizaje:
_bformación del profesorado y aplicación en la escuela
260 _c2012
300 _a191 páginas :
_c24 cm.
650 _aGEN
654 _aCED
942 _cLIB
_dJUS
_fJUS
_2ddc
_n
999 _c8750
_d8750